Bsic Marketing. A global Managerial Approach. (Record no. 468)

MARC details
000 -LEADER
fixed length control field 00451nam a22001697a 4500
005 - DATE AND TIME OF LATEST TRANSACTION
control field 20160503110929.0
008 - FIXED-LENGTH DATA ELEMENTS--GENERAL INFORMATION
fixed length control field 160503b xxu||||| |||| 00| 0 eng d
020 ## - INTERNATIONAL STANDARD BOOK NUMBER
ISBN 0-07-059410-4
041 ## - LANGUAGE CODE
Language code of text/sound track or separate title eng
082 ## - DEWEY DECIMAL CLASSIFICATION NUMBER
Item number 1176
100 ## - MAIN ENTRY--AUTHOR NAME
Personal name Perreult, irwillian Mc Cartug Jerome E.
245 ## - TITLE STATEMENT
Title Bsic Marketing. A global Managerial Approach.
260 ## - PUBLICATION, DISTRIBUTION, ETC. (IMPRINT)
Place of publication New Delhi
Name of publisher Tata MC Graw Hill,
Year of publication 2005
300 ## - PHYSICAL DESCRIPTION
Number of Pages 793
650 ## - SUBJECT ADDED ENTRY--TOPICAL TERM
Topical Term Management
942 ## - ADDED ENTRY ELEMENTS (KOHA)
Koha item type Books
Holdings
Lost status Damaged status Collection code Home library Current library Shelving location Date acquired Cost, normal purchase price Full call number Accession Number Koha item type
    MANAGEMENT JRU Library JRU Library SHELF- 66 F 03/05/2016 350.00 1176 1176 Books